000 00691cam a2200181 4500
001 WB3712-25
008 000000n2001 000 0 eng u
035 _a(Sirsi) u111604
245 _aManagement consultancy faculty takes a lead
260 _c2001
490 _aRICS Press Release
_v(pr040) 15 March 2001, (2)
520 _aThe RICS Management Consultancy Faculty, which aims to establish chartered surveyors as the natural strategists within any organisation where property plays a significant part of their business, is now up and running.
590 _aWB
650 _aManagement consultancy
_96255
650 _aRICS FACULTIES AND FORUMS
690 _aMANAGEMENT
942 _n0
999 _c66497
_d66497